[Event "SVK-chT2C 1415"]
[Site "Slovakia"]
[Date "2014.11.08"]
[Round "3.3"]
[White "Pekar, Karol"]
[Black "Gregor, Jozef"]
[Result "0-1"]
[WhiteElo "2101"]
[BlackElo "2033"]
[PlyCount "94"]
[EventDate "2014.10.11"]
[EventType "team-tourn"]
[EventRounds "11"]
[EventCountry "SVK"]
[SourceTitle "EXT 2016"]
[Source "ChessBase"]
[SourceDate "2015.10.08"]
[SourceVersion "1"]
[SourceVersionDate "2015.10.08"]
[SourceQuality "1"]
[WhiteTeam "Liptov Chess School III"]
[BlackTeam "Banska Bystrica Kurta"]
[WhiteTeamCountry "SVK"]
[BlackTeamCountry "SVK"]

1. e4 c5 2. c3 Nf6 3. e5 Nd5 4. d4 cxd4 5. Qxd4 e6 6. Nf3 Nc6 7. Qe4 d6 8. Nbd2 dxe5 9. Nxe5 Nxe5 10. Qxe5 a6 11. Be2 Qd6 12. Nc4 Qxe5 13. Nxe5 Bd6 14. Nc4 Bc7 15. 0-0 Bd7 16. Rd1 Bc6 17. Ne3 0-0-0 18. Nxd5 Rxd5 19. Rxd5 Bxd5 20. Be3 Rd8 21. a4 Bc6 22. b4 b5 23. axb5 axb5 24. Bd4 e5 25. Bg4+ Kb8 26. Be3 g6 27. Be2 f5 28. c4 bxc4 29. Bxc4 f4 30. Ba7+ Kb7 31. Bc5 Bb6 32. h4 Bxc5 33. bxc5 Rd4 34. Ba6+ Kc7 35. Be2 Rb4 36. Rc1 e4 37. h5 f3 38. Bc4 gxh5 39. g3 Be8 40. Bd5 Rd4 41. Bg8 Bg6 42. Ra1 Kc6 43. Ra7 Rd1+ 44. Kh2 e3 45. fxe3 f2 46. Bc4 Be4 47. g4 h4 0-1

[Event "SVK-chT2C 1415"]
[Site "Slovakia"]
[Date "2014.10.11"]
[Round "1.4"]
[White "Kopera, Michal"]
[Black "Gregor, Jozef"]
[Result "1/2-1/2"]
[WhiteElo "2131"]
[BlackElo "2033"]
[PlyCount "62"]
[EventDate "2014.10.11"]
[EventType "team-tourn"]
[EventRounds "11"]
[EventCountry "SVK"]
[SourceTitle "EXT 2016"]
[Source "ChessBase"]
[SourceDate "2015.10.08"]
[SourceVersion "1"]
[SourceVersionDate "2015.10.08"]
[SourceQuality "1"]
[WhiteTeam "Zilina Mladost II"]
[BlackTeam "Banska Bystrica Kurta"]
[WhiteTeamCountry "SVK"]
[BlackTeamCountry "SVK"]

1. e4 c5 2. Nf3 d6 3. d4 cxd4 4. Nxd4 Nf6 5. Nc3 Nc6 6. Be2 e6 7. 0-0 Be7 8. Kh1 a6 9. f4 Qc7 10. Bf3 Bd7 11. Nxc6 Bxc6 12. Qe1 0-0 13. Be3 b5 14. e5 dxe5 15. fxe5 Nd7 16. Bxc6 Qxc6 17. Qg3 Kh8 18. Rad1 f6 19. exf6 Nxf6 20. Qf3 Rac8 21. Bd4 Qxf3 22. Rxf3 b4 23. Ne2 Rfd8 24. Rfd3 Rxc2 25. Nf4 e5 26. Bxe5 Rxd3 27. Nxd3 Ng4 28. Bd4 Kg8 29. Kg1 Bf6 30. Bxf6 gxf6 31. Nxb4 Rxb2 1/2-1/2

[Event "Banska Bystrica op-B"]
[Site "Banska Bystrica"]
[Date "2013.09.14"]
[Round "6"]
[White "Gregor, Jozef"]
[Black "Adamko, Peter"]
[Result "1/2-1/2"]
[WhiteElo "2008"]
[BlackElo "2142"]
[PlyCount "56"]
[EventDate "2013.09.13"]
[EventType "swiss (rapid)"]
[EventRounds "9"]
[EventCountry "SVK"]
[SourceTitle "EXT 2014"]
[Source "ChessBase"]
[SourceDate "2013.11.20"]
[SourceVersion "1"]
[SourceVersionDate "2013.11.20"]
[SourceQuality "1"]

1. d4 Nf6 2. c4 c5 3. e3 g6 4. Nf3 Bg7 5. Nc3 0-0 6. Be2 b6 7. d5 d6 8. 0-0 Na6 9. e4 Nc7 10. h3 a6 11. a4 Bd7 12. Bf4 Rb8 13. Qc2 b5 14. axb5 axb5 15. b3 b4 16. Na4 Nh5 17. Bh2 Bxa1 18. Rxa1 Ra8 19. e5 Bxa4 20. bxa4 Qd7 21. Nd2 Ng7 22. exd6 exd6 23. Ne4 f5 24. Nxd6 Nce8 25. Nb5 Nf6 26. a5 Ra6 27. Nc7 Ra7 28. Nb5 Ra6 1/2-1/2

[Event "SVK-chT2C 1213"]
[Site "Slovakia"]
[Date "2013.02.02"]
[Round "7.6"]
[White "Hros, Roman"]
[Black "Gregor, Jozef"]
[Result "1/2-1/2"]
[WhiteElo "1915"]
[BlackElo "2027"]
[PlyCount "117"]
[EventDate "2012.10.13"]
[EventType "team-tourn"]
[EventRounds "11"]
[EventCountry "SVK"]
[SourceTitle "EXT 2015"]
[Source "ChessBase"]
[SourceDate "2014.11.20"]
[SourceVersion "1"]
[SourceVersionDate "2014.11.20"]
[SourceQuality "1"]
[WhiteTeam "Liptov Chess School II"]
[BlackTeam "Banska Bystrica Kurta"]
[WhiteTeamCountry "SVK"]
[BlackTeamCountry "SVK"]

1. Nf3 Nf6 2. b3 e6 3. Bb2 d5 4. e3 c5 5. c4 Be7 6. cxd5 exd5 7. d4 0-0 8. Be2 cxd4 9. Nxd4 Bb4+ 10. Bc3 Qa5 11. Qd2 Bxc3 12. Nxc3 Bd7 13. 0-0 Nc6 14. Rfd1 Nxd4 15. Qxd4 Be6 16. h3 a6 17. Bf3 Rfd8 18. b4 Qc7 19. Rac1 Qd7 20. a3 Rac8 21. Nxd5 Bxd5 22. Rxc8 Rxc8 23. Bxd5 Nxd5 24. Qxd5 Qc7 25. Qd7 g6 26. Qxc7 Rxc7 27. Rd3 Kf8 28. g3 Ke7 29. Kg2 h5 30. g4 hxg4 31. hxg4 Ke6 32. f4 a5 33. bxa5 Rc5 34. Rb3 Rxa5 35. Rb6+ Kd5 36. Rxb7 Rxa3 37. Kf3 Ke6 38. f5+ gxf5 39. gxf5+ Kxf5 40. Rxf7+ Ke6 41. Rb7 Kf5 42. Rb5+ Ke6 43. Kf4 Ra4+ 44. e4 Ra6 45. Rh5 Ra1 46. Rh6+ Ke7 47. Kf5 Rf1+ 48. Ke5 Ra1 49. Rh7+ Ke8 50. Kf5 Ra6 51. e5 Rb6 52. Ra7 Rc6 53. Ra8+ Kf7 54. Rd8 Ke7 55. Ra8 Kf7 56. Ra7+ Ke8 57. e6 Rc1 58. Kf6 Rf1+ 59. Ke5 1/2-1/2

[Event "SVK-chT2C 1213"]
[Site "Slovakia"]
[Date "2012.12.16"]
[Round "6.4"]
[White "Gregor, Jozef"]
[Black "Singliar, Anton"]
[Result "1/2-1/2"]
[WhiteElo "2027"]
[BlackElo "2092"]
[PlyCount "72"]
[EventDate "2012.10.13"]
[EventType "team-tourn"]
[EventRounds "11"]
[EventCountry "SVK"]
[SourceTitle "EXT 2015"]
[Source "ChessBase"]
[SourceDate "2014.11.20"]
[SourceVersion "1"]
[SourceVersionDate "2014.11.20"]
[SourceQuality "1"]
[WhiteTeam "Banska Bystrica Kurta"]
[BlackTeam "Dolny Kubin"]
[WhiteTeamCountry "SVK"]
[BlackTeamCountry "SVK"]

1. d4 Nf6 2. c4 e6 3. Nc3 d5 4. Bg5 Be7 5. e3 h6 6. Bxf6 Bxf6 7. Nf3 c6 8. Be2 Nd7 9. 0-0 0-0 10. Rc1 Re8 11. Qc2 dxc4 12. Bxc4 e5 13. Rfd1 exd4 14. Nxd4 Bxd4 15. Rxd4 Qe7 16. Re4 Qf8 17. Rxe8 Qxe8 18. Ne4 Qe7 19. Be2 Nf8 20. Bf3 Bf5 21. Qc5 Qxc5 22. Nxc5 Rb8 23. Kf1 Nd7 24. b4 Nxc5 25. bxc5 Rd8 26. Rd1 Rxd1+ 27. Bxd1 Kf8 28. Ke2 Ke7 29. Kd2 b6 30. Bf3 Kd7 31. cxb6 axb6 32. a3 Kd6 33. Kc3 c5 34. Be2 Be4 35. g3 f6 36. h4 Bc6 1/2-1/2

[Event "SVK-chT2C 1213"]
[Site "Slovakia"]
[Date "2012.12.15"]
[Round "5.6"]
[White "Gregor, Jozef"]
[Black "Geffert, Anton"]
[Result "1/2-1/2"]
[WhiteElo "2027"]
[BlackElo "1907"]
[PlyCount "145"]
[EventDate "2012.10.13"]
[EventType "team-tourn"]
[EventRounds "11"]
[EventCountry "SVK"]
[SourceTitle "EXT 2015"]
[Source "ChessBase"]
[SourceDate "2014.11.20"]
[SourceVersion "1"]
[SourceVersionDate "2014.11.20"]
[SourceQuality "1"]
[WhiteTeam "Banska Bystrica Kurta"]
[BlackTeam "Banska Bystrica Veza"]
[WhiteTeamCountry "SVK"]
[BlackTeamCountry "SVK"]

1. d4 d5 2. c4 e6 3. Nf3 Nf6 4. g3 Be7 5. Bg2 0-0 6. 0-0 Nbd7 7. b3 c5 8. Nbd2 cxd4 9. Nxd4 Bc5 10. e3 Re8 11. Bb2 e5 12. Ne2 Nb6 13. cxd5 Nbxd5 14. Nc4 e4 15. Nc3 Bg4 16. Qb1 Nxc3 17. Bxc3 Nd5 18. Bb2 Be2 19. Rc1 Bd3 20. Rc2 Nb4 21. Na3 Rc8 22. Rd2 Bxb1 23. Rxd8 Rcxd8 24. Rxb1 Rd2 25. Nc4 Rd5 26. a4 f5 27. Bc3 Red8 28. Bf1 Na2 29. Be5 Rd1 30. Rb2 Nb4 31. Kg2 Nc6 32. Bf4 Kf8 33. Be2 R1d5 34. g4 fxg4 35. Bxg4 Re8 36. h4 h5 37. Bh3 Nb4 38. Bg5 Nd3 39. Ra2 Ne1+ 40. Kg3 Nf3 41. Kf4 Nxg5 42. hxg5 g6 43. Ra1 a6 44. a5 Ba7 45. Kg3 Rxg5+ 46. Kh4 Rd5 47. Bg2 Kg7 48. Ra2 Kh6 49. Nd2 g5+ 50. Kh3 g4+ 51. Kh4 Red8 52. Nxe4 Rd1 53. Ng3 R1d2 54. Rxd2 Rxd2 55. Nf5+ Kg6 56. Be4 Rxf2 57. Ng3+ Kh6 58. Nf5+ Rxf5 59. Bxf5 Bxe3 60. Kg3 b6 61. b4 bxa5 62. bxa5 Kg5 63. Bd3 Bd2 64. Bxa6 Bxa5 65. Be2 Be1+ 66. Kg2 Kf4 67. Bd1 Bh4 68. Be2 Ke3 69. Bd1 Bf2 70. Kf1 Bh4 71. Kg2 Bg5 72. Bxg4 hxg4 73. Kg3 1/2-1/2

[Event "SVK-chT1E 1112"]
[Site "Slovakia"]
[Date "2012.03.03"]
[Round "10.8"]
[White "Sedliacek, Peter"]
[Black "Gregor, Jozef"]
[Result "0-1"]
[WhiteElo "1852"]
[BlackElo "2045"]
[PlyCount "126"]
[EventDate "2011.10.15"]
[EventType "team-tourn"]
[EventRounds "11"]
[EventCountry "SVK"]
[SourceTitle "EXT 2013"]
[Source "ChessBase"]
[SourceDate "2012.11.22"]
[SourceVersion "1"]
[SourceVersionDate "2012.11.22"]
[SourceQuality "1"]
[WhiteTeam "Rajecke Teplice"]
[BlackTeam "Banska Bystrica"]
[WhiteTeamCountry "SVK"]
[BlackTeamCountry "SVK"]

1. e4 c5 2. Nf3 Nc6 3. d4 cxd4 4. Nxd4 Nf6 5. Nc3 d6 6. Be2 e6 7. 0-0 Be7 8. Kh1 0-0 9. f4 a6 10. a4 Qc7 11. Be3 Nxd4 12. Bxd4 e5 13. Be3 exf4 14. Bxf4 Be6 15. Nd5 Bxd5 16. exd5 Nd7 17. c4 Bf6 18. Ra2 a5 19. Qc2 Be5 20. Bd2 b6 21. Ra3 g6 22. Raf3 Bg7 23. b3 Rae8 24. Re3 Rxe3 25. Bxe3 Re8 26. Bg1 h5 27. Bd1 Nc5 28. Qf2 Re5 29. Bc2 Qe7 30. Qf3 Qc7 31. Bd4 Re7 32. Bxg7 Kxg7 33. Qd1 Qc8 34. Qa1+ Kh7 35. Re1 Qe8 36. Rxe7 Qxe7 37. Qd1 Qe5 38. Kg1 f5 39. g3 Kg7 40. Kf1 Nd7 41. Kf2 Nf6 42. h3 h4 43. Qf3 hxg3+ 44. Qxg3 Qxg3+ 45. Kxg3 Nh5+ 46. Kf3 Kf6 47. h4 Ke5 48. Ke3 Nf6 49. Bd1 Ng8 50. Kd3 Nh6 51. Kc3 f4 52. b4 Nf5 53. c5 axb4+ 54. Kxb4 dxc5+ 55. Kb5 Nd4+ 56. Kxb6 Kxd5 57. a5 Kd6 58. a6 Ne6 59. a7 Nc7 60. Bc2 c4 61. Bxg6 f3 62. Bh5 f2 63. Be2 c3 0-1

[Event "SVK-chT2C 1112"]
[Site "Slovakia"]
[Date "2012.02.26"]
[Round "11.3"]
[White "Kopera, Michal"]
[Black "Gregor, Jozef"]
[Result "1/2-1/2"]
[WhiteElo "2091"]
[BlackElo "2045"]
[PlyCount "32"]
[EventDate "2011.10.08"]
[EventType "team-tourn"]
[EventRounds "11"]
[EventCountry "SVK"]
[SourceTitle "EXT 2013"]
[Source "ChessBase"]
[SourceDate "2012.11.22"]
[SourceVersion "1"]
[SourceVersionDate "2012.11.22"]
[SourceQuality "1"]
[WhiteTeam "Zilina Mladost II"]
[BlackTeam "Banska Bystrica Junior II"]
[WhiteTeamCountry "SVK"]
[BlackTeamCountry "SVK"]

1. e4 e5 2. Nf3 Nc6 3. Bc4 Bc5 4. c3 Nf6 5. d3 d6 6. h3 a6 7. a4 0-0 8. 0-0 Bb6 9. Bg5 Be6 10. Nbd2 Qd7 11. Bxe6 fxe6 12. Nc4 Ba7 13. Be3 Bxe3 14. fxe3 Rae8 15. Qc2 b6 16. Rae1 a5 1/2-1/2

[Event "SVK-chT2C 1112"]
[Site "Slovakia"]
[Date "2011.12.04"]
[Round "6.3"]
[White "Gregor, Jozef"]
[Black "Ondras, Juraj"]
[Result "0-1"]
[WhiteElo "2045"]
[BlackElo "2034"]
[PlyCount "135"]
[EventDate "2011.10.08"]
[EventType "team-tourn"]
[EventRounds "11"]
[EventCountry "SVK"]
[SourceTitle "EXT 2013"]
[Source "ChessBase"]
[SourceDate "2012.11.22"]
[SourceVersion "1"]
[SourceVersionDate "2012.11.22"]
[SourceQuality "1"]
[WhiteTeam "Banska Bystrica Junior II"]
[BlackTeam "Banska Bystrica Veza"]
[WhiteTeamCountry "SVK"]
[BlackTeamCountry "SVK"]

1. c4 e5 2. Nc3 Nf6 3. g3 Bb4 4. Bg2 0-0 5. Nf3 Re8 6. 0-0 c6 7. Qb3 Na6 8. d3 h6 9. a3 Bf8 10. Qc2 d5 11. cxd5 cxd5 12. e3 Bg4 13. d4 Bxf3 14. Bxf3 e4 15. Bg2 Qd7 16. Bd2 Nc7 17. Rac1 Ne6 18. Qa4 Qd8 19. b4 a6 20. Qb3 Ng5 21. f4 exf3 22. Bxf3 Nxf3+ 23. Rxf3 Re6 24. Rcf1 Rc8 25. Rf5 g6 26. R5f2 Bg7 27. Kg2 h5 28. h3 Rc7 29. Re2 Rd7 30. Be1 Bh6 31. Bf2 Ne4 32. Nxe4 Rxe4 33. Rc2 Qe7 34. Rc3 Bg5 35. Rd1 Kg7 36. Rdd3 Qe6 37. Qd1 Kg8 38. Qf3 Kh7 39. Rc8 Kg7 40. Rdc3 Rd8 41. Rxd8 Bxd8 42. h4 Qd7 43. Qd1 Rg4 44. Kf1 Qf5 45. Ke2 Re4 46. Qh1 Bb6 47. Qf3 Qd7 48. Kd2 a5 49. Kc2 axb4 50. axb4 Qa4+ 51. Rb3 Qa2+ 52. Rb2 Qc4+ 53. Kb1 Qd3+ 54. Kc1 Re8 55. Rd2 Qb3 56. Rb2 Qd3 57. Qd1 Rc8+ 58. Rc2 Qa3+ 59. Kd2 Qxb4+ 60. Ke2 Qb5+ 61. Kf3 Qb3 62. Rc1 Qxd1+ 63. Rxd1 Ba5 64. e4 Rc3+ 65. Be3 dxe4+ 66. Kxe4 f5+ 67. Kf3 Bc7 68. Ke2 0-1

[Event "SVK-chT2C 10/11"]
[Site "Slovakia"]
[Date "2011.03.27"]
[Round "11.4"]
[White "Puskar, Jan"]
[Black "Gregor, Jozef"]
[Result "1-0"]
[WhiteElo "1983"]
[BlackElo "2061"]
[PlyCount "85"]
[EventDate "2010.10.23"]
[EventType "team-tourn"]
[EventRounds "11"]
[EventCountry "SVK"]
[SourceTitle "EXT 2019"]
[Source "ChessBase"]
[SourceDate "2018.10.10"]
[SourceVersion "1"]
[SourceVersionDate "2018.10.10"]
[SourceQuality "1"]
[WhiteTeam "Banska Bystrica CVC"]
[BlackTeam "Banska Bystrica TH Junior "]
[WhiteTeamCountry "SVK"]
[BlackTeamCountry "SVK"]

1. e4 c5 2. Nf3 d6 3. d4 cxd4 4. Qxd4 Nc6 5. Bb5 Bd7 6. Bxc6 Bxc6 7. Nc3 Nf6 8. Bg5 e6 9. 0-0-0 Be7 10. Rhe1 Qa5 11. Kb1 0-0 12. Qd2 Rfd8 13. Nd5 Qxd2 14. Nxe7+ Kf8 15. Rxd2 Kxe7 16. Nd4 h6 17. Bxf6+ Kxf6 18. Re3 Rac8 19. b3 d5 20. e5+ Ke7 21. Rg3 g6 22. h4 h5 23. Kb2 Be8 24. Rdd3 b5 25. Rc3 b4 26. Rxc8 Rxc8 27. a3 a5 28. axb4 axb4 29. c3 bxc3+ 30. Rxc3 Kd8 31. Rxc8+ Kxc8 32. Kc3 Kb7 33. Kb4 Kb6 34. f3 Bd7 35. g4 Be8 36. gxh5 gxh5 37. f4 Bd7 38. Ne2 Bb5 39. Ng3 d4 40. Nxh5 d3 41. Kc3 Kc5 42. b4+ Kc6 43. Nf6 1-0

[Event "SVK-chT2C 10/11"]
[Site "Slovakia"]
[Date "2011.01.08"]
[Round "5.4"]
[White "Valuska, Pavel"]
[Black "Gregor, Jozef"]
[Result "0-1"]
[WhiteElo "1997"]
[BlackElo "2061"]
[PlyCount "120"]
[EventDate "2010.10.23"]
[EventType "team-tourn"]
[EventRounds "11"]
[EventCountry "SVK"]
[SourceTitle "EXT 2019"]
[Source "ChessBase"]
[SourceDate "2018.10.10"]
[SourceVersion "1"]
[SourceVersionDate "2018.10.10"]
[SourceQuality "1"]
[WhiteTeam "Zvolen Slavia"]
[BlackTeam "Banska Bystrica TH Junior "]
[WhiteTeamCountry "SVK"]
[BlackTeamCountry "SVK"]

1. e4 c5 2. Nf3 Nc6 3. Be2 d6 4. 0-0 Nf6 5. d3 g6 6. Nbd2 Bg7 7. a4 0-0 8. Nc4 e6 9. Ne3 d5 10. exd5 exd5 11. d4 c4 12. Re1 Ne4 13. c3 Be6 14. Qc2 Nd6 15. b4 cxb3 16. Qxb3 Na5 17. Qa2 Ne4 18. Bb2 Rc8 19. Rac1 Re8 20. Bb5 Re7 21. Bd3 f5 22. Re2 Kh8 23. Rec2 Bg8 24. Ba3 Rec7 25. Bb4 Nc6 26. Ba3 Rd7 27. Bb5 a6 28. Bd3 Qa5 29. Qb3 Qd8 30. Bb2 Nf6 31. Nxf5 gxf5 32. Bxf5 Rcc7 33. Bxd7 Qxd7 34. Qb6 Ne4 35. Re2 Nd6 36. Nd2 Ne7 37. Ba3 Rc6 38. Qb1 Ng6 39. g3 Nc4 40. Nxc4 Rxc4 41. a5 Qg4 42. Kf1 Qd7 43. h4 Be6 44. Qb6 Rc6 45. Qa7 h5 46. Rb2 Rc7 47. Rcb1 b5 48. Qxa6 Bf5 49. Rd1 Be4 50. Ke1 Rxc3 51. Bb4 Rc6 52. Qxb5 Bf3 53. Bd2 Qh3 54. Rc1 Re6+ 55. Be3 Rxe3+ 56. fxe3 Qxg3+ 57. Kd2 Qf2+ 58. Kc3 Qxe3+ 59. Kb4 Bf8+ 60. Ka4 Qa3# 0-1

[Event "SVK-chT2C 10/11"]
[Site "Slovakia"]
[Date "2010.12.04"]
[Round "3.3"]
[White "Gregor, Jozef"]
[Black "Mraz, Martin"]
[Result "1-0"]
[WhiteElo "2061"]
[BlackElo "1874"]
[PlyCount "137"]
[EventDate "2010.10.23"]
[EventType "team-tourn"]
[EventRounds "11"]
[EventCountry "SVK"]
[SourceTitle "EXT 2019"]
[Source "ChessBase"]
[SourceDate "2018.10.10"]
[SourceVersion "1"]
[SourceVersionDate "2018.10.10"]
[SourceQuality "1"]
[WhiteTeam "Banska Bystrica TH Junior "]
[BlackTeam "Liptov Chess School II"]
[WhiteTeamCountry "SVK"]
[BlackTeamCountry "SVK"]

1. d4 d5 2. c4 c6 3. Nc3 Nf6 4. Nf3 e6 5. e3 Nbd7 6. Bd3 Bd6 7. 0-0 0-0 8. Qe2 Re8 9. b3 b6 10. Bb2 Bb7 11. Rfd1 Qe7 12. e4 e5 13. Re1 dxe4 14. Nxe4 Nxe4 15. Qxe4 Nf6 16. Qh4 e4 17. Ng5 h6 18. Nxe4 Nxe4 19. Qxe7 Rxe7 20. Rxe4 Rae8 21. Rae1 Kf8 22. Rxe7 Rxe7 23. Rxe7 Bxe7 24. Bc1 Bd6 25. Be4 Ke7 26. g3 Kd7 27. h4 Kc7 28. Kg2 Ba6 29. Kf3 Bc8 30. Bb2 Be7 31. d5 cxd5 32. Bxd5 f6 33. Bc1 Kd7 34. Ke4 Bc5 35. Be3 Bb4 36. Kd3 Ke7 37. Bf3 Be6 38. Be4 Bf7 39. g4 Be6 40. f3 Bf7 41. h5 Be6 42. Bd4 Kd6 43. Bb2 Bc5 44. Bc3 Bf7 45. Be1 Be6 46. b4 Bg1 47. Bg3+ Kd7 48. a3 Bf7 49. Bf4 Bf2 50. b5 Bc5 51. Bf5+ Ke7 52. a4 Bd6 53. Be3 Kd8 54. a5 Kc7 55. axb6+ axb6 56. Be4 Be6 57. Bd5 Bd7 58. Ke4 Bb4 59. Bf7 Bc8 60. Bf2 Bd6 61. Bd5 Bd7 62. Be3 Bb4 63. Kd3 Bd6 64. Be4 Bb4 65. Bf5 Be8 66. Be6 Bd6 67. Ke4 Bb4 68. Kd5 Ba3 69. Bf4+ 1-0

[Event "SVK-chT2C 0910"]
[Site "Slovakia"]
[Date "2010.02.06"]
[Round "8.2"]
[White "Gregor, Jozef"]
[Black "Jurcik, Martin"]
[Result "0-1"]
[WhiteElo "2052"]
[BlackElo "2344"]
[PlyCount "74"]
[EventDate "2009.10.10"]
[EventType "team-tourn"]
[EventRounds "11"]
[EventCountry "SVK"]
[SourceTitle "EXT 2011"]
[Source "ChessBase"]
[SourceDate "2010.11.26"]
[SourceVersion "1"]
[SourceVersionDate "2010.11.26"]
[SourceQuality "1"]
[WhiteTeam "Banska Bystrica Junior II"]
[BlackTeam "Cadca II"]
[WhiteTeamCountry "SVK"]
[BlackTeamCountry "SVK"]

1. d4 Nf6 2. c4 e6 3. Nc3 Bb4 4. e3 b6 5. Nf3 Bb7 6. Bd3 0-0 7. 0-0 c5 8. a3 Bxc3 9. bxc3 Ne4 10. Qc2 f5 11. Nd2 Qh4 12. f3 Ng5 13. e4 fxe4 14. Nxe4 Nxe4 15. Bxe4 Bxe4 16. Qxe4 Qxe4 17. fxe4 Rxf1+ 18. Kxf1 Nc6 19. Be3 Na5 20. dxc5 bxc5 21. Rd1 Nxc4 22. Bxc5 d6 23. Bf2 a6 24. Rd4 Rc8 25. a4 Kf7 26. Ke2 e5 27. Rd5 Ke6 28. a5 Rb8 29. Kd3 Nb2+ 30. Kc2 Na4 31. Be3 Rb2+ 32. Kd3 Rxg2 33. Ba7 Rxh2 34. Bb8 Nc5+ 35. Rxc5 dxc5 36. Kc4 Rb2 37. Kxc5 Rxb8 0-1

[Event "SVK-chT2C 0910"]
[Site "Slovakia"]
[Date "2010.01.10"]
[Round "7.2"]
[White "Jelen, Peter"]
[Black "Gregor, Jozef"]
[Result "1-0"]
[WhiteElo "2180"]
[BlackElo "2052"]
[PlyCount "65"]
[EventDate "2009.10.10"]
[EventType "team-tourn"]
[EventRounds "11"]
[EventCountry "SVK"]
[SourceTitle "EXT 2011"]
[Source "ChessBase"]
[SourceDate "2010.11.26"]
[SourceVersion "1"]
[SourceVersionDate "2010.11.26"]
[SourceQuality "1"]
[WhiteTeam "Liptov Chess School II"]
[BlackTeam "Banska Bystrica Junior II"]
[WhiteTeamCountry "SVK"]
[BlackTeamCountry "SVK"]

1. c4 e6 2. Nf3 Nf6 3. g3 b6 4. Bg2 Bb7 5. 0-0 Be7 6. d4 0-0 7. Nc3 Ne4 8. d5 Nxc3 9. bxc3 d6 10. Nd4 e5 11. Nf5 Bg5 12. f4 exf4 13. Bxf4 Nd7 14. h4 Bxf4 15. Rxf4 Ne5 16. Qd4 Bc8 17. Raf1 Bxf5 18. Rxf5 Qd7 19. h5 h6 20. Qf4 f6 21. Bh3 Qa4 22. Rxe5 dxe5 23. Be6+ Kh8 24. Qf5 Rae8 25. Bd7 Qxc4 26. Qg6 Rb8 27. Bf5 Kg8 28. Qh7+ Kf7 29. Bg6+ Ke7 30. Qxg7+ Kd6 31. Rxf6+ Rxf6 32. Qxf6+ Kc5 33. Qc6# 1-0

[Event "SVK-chT2C 0910"]
[Site "Slovakia"]
[Date "2009.10.11"]
[Round "2.4"]
[White "Panis, Radim"]
[Black "Gregor, Jozef"]
[Result "1-0"]
[WhiteElo "1997"]
[BlackElo "2052"]
[PlyCount "99"]
[EventDate "2009.10.10"]
[EventType "team-tourn"]
[EventRounds "11"]
[EventCountry "SVK"]
[SourceTitle "EXT 2011"]
[Source "ChessBase"]
[SourceDate "2010.11.26"]
[SourceVersion "1"]
[SourceVersionDate "2010.11.26"]
[SourceQuality "1"]
[WhiteTeam "Banska Bystrica CVC"]
[BlackTeam "Banska Bystrica Junior II"]
[WhiteTeamCountry "SVK"]
[BlackTeamCountry "SVK"]

1. e4 e5 2. Nf3 Nf6 3. Nxe5 d6 4. Nf3 Nxe4 5. Nc3 Nxc3 6. dxc3 Be7 7. Be3 0-0 8. Qd2 d5 9. 0-0-0 c6 10. c4 dxc4 11. Qc3 Qc7 12. Bd4 Qf4+ 13. Kb1 Bf6 14. Bxf6 Qxf6 15. Qxf6 gxf6 16. Bxc4 Nd7 17. Rhe1 Nb6 18. Bb3 c5 19. Nd2 Bf5 20. Nc4 Nxc4 21. Bxc4 Rfe8 22. Kc1 Rxe1 23. Rxe1 Rd8 24. Re7 Rd7 25. Bxf7+ Kf8 26. Rxd7 Bxd7 27. Bd5 b6 28. Kd2 Ke7 29. Ke3 Kd6 30. Be4 h6 31. Kf4 Ke7 32. g4 Be6 33. a3 Bg8 34. h4 Be6 35. g5 hxg5+ 36. hxg5 fxg5+ 37. Kxg5 a5 38. Bd3 Kf7 39. f4 Bd7 40. Bc4+ Kg7 41. f5 b5 42. Be6 Bc6 43. f6+ Kf8 44. Kf4 b4 45. Ke5 Bb5 46. Kd6 c4 47. axb4 axb4 48. Kc5 c3 49. Kxb4 cxb2 50. Ba2 1-0

[Event "SVK-chT2C 0708"]
[Site "Slovakia"]
[Date "2008.03.14"]
[Round "11.5"]
[White "Kopera, Michal"]
[Black "Gregor, Jozef"]
[Result "1-0"]
[WhiteElo "2166"]
[BlackElo "2074"]
[PlyCount "63"]
[EventDate "2007.10.06"]
[EventType "team-tourn"]
[EventRounds "11"]
[EventCountry "SVK"]
[SourceTitle "EXT 2010"]
[Source "ChessBase"]
[SourceDate "2010.11.25"]
[SourceVersion "1"]
[SourceVersionDate "2010.11.25"]
[SourceQuality "1"]
[WhiteTeam "Zilina Mladost II"]
[BlackTeam "Banska Bystrica Junior"]
[WhiteTeamCountry "SVK"]
[BlackTeamCountry "SVK"]

1. e4 c5 2. b3 d6 3. Bb2 Nc6 4. Nc3 e5 5. Nf3 g6 6. h4 h5 7. Bb5 Bd7 8. Qe2 Bg7 9. 0-0-0 Nge7 10. Bxc6 Nxc6 11. Ng5 Nd4 12. Qd3 Bc6 13. Rdf1 Qd7 14. f4 exf4 15. Rxf4 0-0 16. Ne2 Ne6 17. Nxe6 Qxe6 18. Bxg7 Kxg7 19. Nc3 Rae8 20. Rhf1 Qe5 21. Kb1 Re7 22. g4 hxg4 23. Rxg4 Bd7 24. Rg5 Qd4 25. Qf3 Re5 26. Qf6+ Kh7 27. Rxg6 fxg6 28. Qxf8 Be6 29. Qe7+ Kh6 30. Qf6 Rf5 31. Rxf5 Bxf5 32. Qg5+ 1-0

[Event "SVK-chT2C 0708"]
[Site "Slovakia"]
[Date "2008.02.02"]
[Round "8.4"]
[White "Gregor, Jozef"]
[Black "Mraz, Martin"]
[Result "1/2-1/2"]
[WhiteElo "2074"]
[BlackElo "1964"]
[PlyCount "83"]
[EventDate "2007.10.06"]
[EventType "team-tourn"]
[EventRounds "11"]
[EventCountry "SVK"]
[SourceTitle "EXT 2010"]
[Source "ChessBase"]
[SourceDate "2010.11.25"]
[SourceVersion "1"]
[SourceVersionDate "2010.11.25"]
[SourceQuality "1"]
[WhiteTeam "Banska Bystrica Junior"]
[BlackTeam "Liptov SK III"]
[WhiteTeamCountry "SVK"]
[BlackTeamCountry "SVK"]

1. d4 d5 2. c4 c6 3. Nf3 Nf6 4. Nc3 e6 5. e3 Nbd7 6. Bd3 Bd6 7. 0-0 0-0 8. Qe2 Re8 9. h3 Qc7 10. Qc2 Nf8 11. b3 b6 12. Bb2 Ng6 13. Rac1 Qe7 14. Rfe1 Bb7 15. e4 Nd7 16. exd5 cxd5 17. cxd5 Qf6 18. Ne4 Qf4 19. Nxd6 Qxd6 20. dxe6 Rxe6 21. Rxe6 Qxe6 22. Re1 Qd6 23. Be4 Rc8 24. Qd2 Ba6 25. Rc1 Rd8 26. Qc2 Rc8 27. Qb1 Rxc1+ 28. Bxc1 Nf6 29. Bg5 Nf8 30. Bxf6 Qxf6 31. Ne5 Qd6 32. Nf3 g6 33. Qc2 Ne6 34. Qc6 Qf4 35. g3 Qb8 36. Qa8 Qxa8 37. Bxa8 Be2 38. Be4 Bxf3 39. Bxf3 Nxd4 40. Bd5 Nb5 41. a4 Nc3 42. Bc4 1/2-1/2